000 00752nam a2200229Ia 4500
003 GCL
008 140319s9999 xx 000 0 ara d
040 _aGCL /
_cGCL
082 0 4 _a956.61
_bن ا
100 1 _aنبيل بيهم
245 1 0 _aالاعمار والمصلحة العامة : فى الاجتماع والثقافة : معنى المدينة سكانها /
_cنبيل بيهم
300 _a253 ص
490 _a
650 0 4 _aبيروت
650 0 4 _aتخطيط المدن
650 0 4 _aلبنان - تاريخ - الحرب الاهلية
650 0 4 _aالحرب الاهلية
650 0 4 _aالمجتمع اللبنانى
650 0 4 _aالتعمير - بيروت
650 0 4 _aاعادة التعمير
942 _2ddc
_cBK
999 _c47802
_d47802